Pays les moins heureux du monde - Statistiques

Statistiques générales
  • Ce quiz a été pris 111 fois
  • Le résultat moyen est 4 sur 10
Statistiques - réponses
Pays % Correct
Syrie
76%
Rwanda
48%
Burundi
43%
Guinée
38%
République centrafricaine
35%
Togo
33%
Bénin
28%
Comores
25%
Sénégal
24%
Tanzanie
22%
Aucun quiz correspondant
Distribution des résultats
% des personnes avec chaque résultat
Percentile par nombre de réponses
Votre historique - résultats
Vous n’avez pas pris ce quiz